| 000 | 01152nam a22003377a 4500 | ||
|---|---|---|---|
| 003 | CHAP | ||
| 005 | 20220817042958.0 | ||
| 008 | 971013s1996 r 00010 d | ||
| 010 | _a61731 | ||
| 011 | _a62703 | ||
| 035 | _a66878 | ||
| 040 | _cCHAP | ||
| 090 | _aTesis | ||
| 100 | 0 | 0 |
_aAlfonso Cruz, Ana Elvia. _93933 |
| 245 | _aDiagnóstico del mercado de durazno (Prunus persica L.) | ||
| 260 |
_aChapingo, Méx. : _bEl autor, _c1996 |
||
| 300 | _a86 h. | ||
| 502 | _aTesis (Lic. en Comercio Internacional de Productos Agropecuarios) -- UACH. Departamento de Economía Agrícola | ||
| 590 |
_aALEPH _b10 _c20130110 _lUCH01 _h1344 |
||
| 590 |
_aBATCH-UPD _b10 _c20130110 _lUCH01 _h0411 |
||
| 590 |
_aBATCH-UPD _b10 _c20130410 _lUCH01 _h0045 |
||
| 590 |
_aBATCH-UPD _b10 _c20130914 _lUCH01 _h0038 |
||
| 590 |
_aCONVERSION _b10 _c20130109 _lUCH01 _h1333 |
||
| 650 | 1 | 4 |
_aDurazno _xMercadeo. _934614 |
| 650 | 1 | 4 | _aTratado Trilateral de Libre Comercio. |
| 700 | 0 |
_aLópez Herrera, Ana Luisa. _967982 |
|
| 901 | _aBK | ||
| 942 | _cFOLL | ||
| 949 |
_bBC _cTES _d-152120 _eTS1 _h30703 _i66878 _si |
||
| 949 |
_bBC _cTES _d33724000625588 _eTS2 _fc.2 _h30704 _i66878 _si |
||
| 999 |
_c61731 _d61731 |
||